000 004790000a22001930004500
001 004715
003 MACL
005 20150908124312.0
008 150908b xxu||||| |||| 00| 0 eng d
040 _aMACL
_cMACL
041 _aEnglish
082 _a820/FRU
100 _aFruzzetti, Lina
_9826
245 _aCalcutta Conversation
_cLina Fruzzetti
260 _aNew Delhi
_c2005
_bChronicle Books,
350 _a575
650 _aEnglish Literature
_99200
942 _k820
_cBK
_2ddc
999 _c16602
_d16602